Normal view
MARC view
Entry Personal Name
001 - CONTROL NUMBER
- control field: 81850
003 - CONTROL NUMBER IDENTIFIER
- control field: dpl
005 - DATE AND TIME OF LATEST TRANSACTION
- control field: 20250610150221.0
008 - FIXED-LENGTH DATA ELEMENTS
- fixed length control field: 250610|| aca||aabn | a|a d
040 ## - CATALOGING SOURCE
- Original cataloging agency: dpl
- Transcribing agency: dpl
100 ## - HEADING--PERSONAL NAME
- Personal name: Sardesai, H.V
670 ## - SOURCE DATA FOUND
- Source citation: Work cat.: (dpl)211707: Sardesai, H.V., The Key To Good Health/, 2015
